书目信息 |
| 题名: |
追梦人
|
|
| 作者: | 邱晓柳 , 顾韶捷 编著 | |
| 分册: | 2 新世纪经典音乐改编的钢琴曲 | |
| 出版信息: | 长沙 湖南文艺出版社 2006.01 |
|
| 页数: | 99页 | |
| 开本: | 30cm | |
| 丛书名: | ||
| 单 册: | ||
| 中图分类: | J647 | |
| 科图分类: | ||
| 主题词: | 钢琴--gang qin--器乐曲--中国--选集 | |
| 电子资源: | ||
| ISBN: | 7-5404-3632-8 | |
| 000 | 00941nam0 2200253 450 | |
| 001 | 012008938568 | |
| 005 | 20080630103326.64 | |
| 010 | @a7-5404-3632-8@dCNY11.80 | |
| 100 | @a20080630d2006 em y0chiy0120 ea | |
| 101 | 0 | @achi |
| 102 | @aCN@b430000 | |
| 105 | @ag z 000yy | |
| 106 | @ar | |
| 200 | 1 | @a追梦人@Azhui meng ren@h2@i新世纪经典音乐改编的钢琴曲@f邱晓柳, 顾韶捷编著@Fqiu xiao liu,gu shao jie bian zhu |
| 210 | @a长沙@c湖南文艺出版社@d2006.01 | |
| 215 | @a99页@a乐谱@d30cm | |
| 330 | @a本书在选取了神秘园乐队,雷恩·寇伯、乔治·温斯顿 等新世纪音乐大师作品还增添日本配乐大师久石让的经典动画主题音乐等。 | |
| 517 | 1 | @a新世纪经典音乐改编的钢琴曲@Axin shi ji jing dian yin yue gai bian de gang qin qu |
| 606 | 0 | @a钢琴@Agang qin@x器乐曲@y中国@j选集 |
| 690 | @aJ647@v4 | |
| 701 | 0 | @a邱晓柳@Aqiu xiao liu@4编著 |
| 701 | 0 | @a顾韶捷@Agu shao jie@4编著 |
| 801 | 0 | @aCN@bQSSK@c20080630 |
| 905 | @b730039-41@dJ647@eQ743:2@f3 | |
| 追梦人.2.新世纪经典音乐改编的钢琴曲/邱晓柳, 顾韶捷编著.-长沙:湖南文艺出版社,2006.01 |
| 99页;乐谱;30cm |
| ISBN 7-5404-3632-8:CNY11.80 |
| 本书在选取了神秘园乐队,雷恩·寇伯、乔治·温斯顿 等新世纪音乐大师作品还增添日本配乐大师久石让的经典动画主题音乐等。 |
| ● |
| 相关链接 |
|
|
|
正题名:追梦人
索取号:J647/Q743:2
 
预约/预借
| 序号 | 登录号 | 条形码 | 馆藏地/架位号 | 状态 | 备注 |
| 1 | 730039 | 207300393 | 社科库309/309社科库 94排1列1层/ [索取号:J647/Q743:2] | 在馆 | |
| 2 | 730040 | 207300400 | 社科库309/309社科库 94排1列1层/ [索取号:J647/Q743:2] | 在馆 | |
| 3 | 730041 | 207300419 | 社科库309/ [索取号:J647/Q743:2] | 在馆 |